| 000 | 00437nam a22001817a 4500 | ||
|---|---|---|---|
| 005 | 20180227142524.0 | ||
| 008 | 160613b xxu||||| |||| 00| 0 eng d | ||
| 020 | _a978-0-07107770-5 | ||
| 041 | _aeng | ||
| 082 |
_b7139 _a004.6 |
||
| 100 |
_aGodbole A.S & Kahate A _91760 |
||
| 245 | _aData Communication and Networks | ||
| 250 | _a2nd ed, | ||
| 260 | _bTMH | ||
| 300 | _a540 | ||
| 650 |
_aInformation Technology _9137 |
||
| 942 | _cBK | ||
| 999 |
_c2476 _d2475 |
||